[Event "EU-chT (Men) 10th"]
[Site "Debrecen"]
[Date "1992.11.??"]
[Round "9.2"]
[White "Bareev, Evgeny"]
[Black "Janjgava, Lasha"]
[Result "1-0"]
[WhiteElo "2635"]
[BlackElo "2485"]
[Annotator "Bulletin"]
[PlyCount "118"]
[EventDate "1992.11.20"]
[EventType "team-swiss"]
[EventRounds "9"]
[EventCountry "HUN"]
[SourceTitle "EU-chT"]
[Source "ChessBase"]
[SourceDate "1999.07.01"]
[SourceVersion "2"]
[SourceVersionDate "1999.07.01"]
[SourceQuality "1"]
[WhiteTeam "Russia"]
[BlackTeam "Georgia"]
[WhiteTeamCountry "RUS"]
[BlackTeamCountry "GEO"]

1. d4 d5 2. c4 e6 3. Nc3 Be7 4. Nf3 Nf6 5. Bf4 O-O 6. e3 c5 7. dxc5 Bxc5 8. a3
Nc6 9. Qc2 Qa5 10. Nd2 Bb4 11. cxd5 Nxd5 12. Nxd5 exd5 13. Bd3 h6 14. Rc1 Be7 (
14... Bxd2+ $6 15. Qxd2 $14) 15. O-O Be6 16. Nb3 Qb6 17. Nc5 Bxc5 (17... Rac8
18. Nxe6 fxe6 $14) 18. Qxc5 Qxb2 19. Rb1 Qd2 20. Rfd1 Qa5 21. Rb5 Qa4 22. Ra1
Rfc8 23. Rxb7 Na5 (23... Ne5 $14) 24. Qb5 Qxb5 25. Rxb5 Nc4 26. h4 a6 27. Rb7
Rc5 28. a4 Na5 29. Rb6 Nc4 30. Rb4 Rac8 31. Rb7 h5 32. Kh2 Ra5 33. Rab1 Nd2 (
33... Rxa4 34. Rb8 Ra5 35. Rxc8+ Bxc8 36. Rb8 Rc5 37. Bf5 Nb6 38. e4 $18) 34.
R1b2 (34. R1b4 Ne4 {/\ 35... Nf2, 35... Nc5}) 34... Nc4 35. R2b4 g6 36. Ra7 Kg7
37. Bc7 Rc5 38. Bb6 Nxb6 (38... R5c6 39. a5 $18) 39. Rxb6 Kf6 40. Bxa6 (40.
Rbxa6 $2 d4 41. exd4 Rd5 $10) (40. Raxa6 $1 $16 {/\} d4 41. exd4 Rd5 42. Rd6
Rd8 43. Rxd5 Rxd5 44. Bc4 Rxd4 45. Bxe6 fxe6 46. g3 Kg7 47. a5 Ra4 48. Ra7+ $1
Kf6 49. Ra8 e5 50. Kg2 e4 51. Kf1 $18) 40... Rd8 41. Rab7 d4 42. exd4 Rxd4 43.
Rb4 Rxb4 44. Rxb4 Rc2 45. Kg3 Ra2 46. Bb5 Ke5 (46... g5 $5) 47. Be8 Ra3+ 48. f3
Ra2 49. Rb7 Bc4 (49... Kf6 50. Ra7 g5 51. hxg5+ Kxg5 {/\ h4=}) 50. Rxf7 Bf1 (
50... Bxf7 51. Bxf7 Rxa4 52. Bxg6 $18) 51. f4+ Ke6 52. Rg7 Rxg2+ 53. Kf3 Kf6
54. Rf7+ Ke6 55. Rg7 Kf6 56. Rf7+ Ke6 57. Rb7 Rh2 58. Bxg6 Rxh4 59. a5 Bc4 (
59... Bc4 60. Rb6+ (60. Bf7+ $2 Kf5 $10) 60... Kd7 $1 (60... Ke7 61. f5 {
/\ f6-f7}) 61. Ke4 {/\ Ke5, Be4+/=}) (59... Rh2 $5 60. Rb6+ Kd7 61. f5 Ra2 $10)
1-0

[Event "EU-chT (Men) 10th"]
[Site "Debrecen"]
[Date "1992.11.??"]
[Round "6.1"]
[White "Kasparov, Garry"]
[Black "Vaganian, Rafael A"]
[Result "1-0"]
[WhiteElo "2780"]
[BlackElo "2590"]
[Annotator "Bulletin"]
[PlyCount "45"]
[EventDate "1992.11.20"]
[EventType "team-swiss"]
[EventRounds "9"]
[EventCountry "HUN"]
[SourceTitle "EU-chT"]
[Source "ChessBase"]
[SourceDate "1999.07.01"]
[SourceVersion "2"]
[SourceVersionDate "1999.07.01"]
[SourceQuality "1"]
[WhiteTeam "Russia"]
[BlackTeam "Armenia"]
[WhiteTeamCountry "RUS"]
[BlackTeamCountry "ARM"]

1. d4 Nf6 2. c4 e6 3. Nc3 d5 4. Nf3 Be7 5. Bf4 O-O 6. e3 c5 7. dxc5 Bxc5 8. Qc2
Nc6 9. a3 Qa5 10. O-O-O Ne4 11. Nb5 a6 12. Nc7 e5 13. Rxd5 $1 f5 $2 (13... exf4
$2 14. Qxe4 $1) (13... Be6 14. Rxe5 Nxe5 15. Bxe5 Bf5 16. Bd3) (13... Nf6 $5
14. Rxe5 $1) (13... Bf5 $5 14. Nxa8 Ng3 15. Qd2 Nxh1 16. Qxa5) (13... Nxf2 $5
14. Ng5 Bf5 $1) 14. Rxe5 Nxe5 15. Bxe5 Ra7 $2 (15... Rb8 $142 $1 $8) 16. Nd5 $1
b6 (16... Qd8 17. b4 Bd6 18. Bd4 Ra8 19. c5 Be7 20. Bc4 Kh8 21. Nb6 Rb8 22. Rd1
Qe8 23. Be5 $18) 17. Bd3 $18 (17. b4 Qxa3+ 18. Bb2 Qa2 19. bxc5 bxc5 $132)
17... Bd7 18. b4 Qxa3+ 19. Bb2 Qa4 (19... Qa2 20. Nc3 $1) 20. bxc5 bxc5 (20...
Nxc5 21. Qxa4 Bxa4 22. Bc2) 21. Ne5 Qxc2+ 22. Bxc2 Be6 23. Nf4 1-0

[Event "Goodricke op 03rd"]
[Site "Kolkata"]
[Date "1992.??.??"]
[Round "5"]
[White "Dreev, Alexey"]
[Black "Ravi, Lanka"]
[Result "1-0"]
[WhiteElo "2580"]
[BlackElo "2370"]
[Annotator "Bulletin"]
[PlyCount "61"]
[EventDate "1992.01.??"]
[EventType "swiss"]
[EventRounds "11"]
[EventCountry "IND"]
[SourceTitle "CBM 033"]
[Source "ChessBase"]
[SourceDate "1993.04.01"]
[SourceVersion "1"]
[SourceVersionDate "1993.04.01"]
[SourceQuality "1"]

1. d4 Nf6 2. c4 e6 3. Nf3 d5 4. Nc3 Be7 5. Bf4 O-O 6. e3 c5 7. dxc5 Bxc5 8. Qc2
Nc6 9. a3 Qa5 10. Nd2 Bb4 11. cxd5 exd5 12. Bd3 d4 13. O-O Bxc3 14. Nc4 Qh5 15.
bxc3 dxe3 16. Nxe3 Bd7 17. Rab1 $1 (17. Rfd1 $6 Ne7 $1 18. c4 Rfe8 19. Be2 Qa5
20. Qb2 Ng6 21. Bd6 Bc6 $15 {Dreev,A-Vaganian,R/Moscow/1991/}) 17... Ne5 (17...
Na5 {/\ 18...Bc6}) 18. Be2 $1 (18. Rxb7 $6 Bc6 19. Rb4 a5 20. Rb2 Rfd8 $1 {
With strong pressure for the pawn}) (18. Bxe5 $5 Qxe5 19. Rxb7 Be6 $14 {
Vaganian Inf.51/416}) 18... Neg4 19. Nxg4 Bxg4 20. Rb5 $1 {Already winning} Nd5
(20... Qg6 21. Bd3) (20... Qh4 21. Bg5) 21. Rxd5 Qxd5 22. Bxg4 Rfe8 23. Be3 Qa5
24. Qb3 Rad8 25. c4 b6 26. Bf3 Qe5 27. Bd5 g5 28. Qd1 Rd6 29. Bd4 Qf4 30. g3
Qf5 31. Bc3 1-0

[Event "Hoogovens"]
[Site "Wijk aan Zee"]
[Date "1984.01.18"]
[Round "5"]
[White "Miles, Anthony John"]
[Black "Beliavsky, Alexander G"]
[Result "0-1"]
[WhiteElo "2565"]
[BlackElo "2565"]
[Annotator "Bulletin"]
[PlyCount "52"]
[EventDate "1984.01.13"]
[EventType "tourn"]
[EventRounds "13"]
[EventCountry "NED"]
[EventCategory "13"]
[SourceTitle "MCL"]
[Source "ChessBase"]
[SourceDate "1999.07.01"]
[SourceVersion "1"]
[SourceVersionDate "1999.07.01"]
[SourceQuality "1"]

1. c4 e6 2. Nc3 d5 3. d4 Nf6 4. Nf3 Be7 5. Bf4 O-O 6. e3 c5 7. dxc5 Bxc5 8. Qc2
Nc6 9. a3 Qa5 10. Rd1 Be7 11. Rd2 Ne4 {(! Chandler,M)} 12. Nxe4 dxe4 13. Qxe4
Rd8 $5 (13... f5) 14. Qc2 $4 (14. c5 $1 Qxc5 (14... Bxc5 $2 15. b4 $18) (14...
f5 15. Qc4 $14) 15. Bd3 f5 16. Qc4 $14) 14... e5 15. Bg3 e4 16. Qxe4 (16. Nd4
Nxd4 17. exd4 Bg5 {Troeger,P}) 16... Bf5 $19 17. Qf4 $8 Rxd2 18. Nxd2 Rd8 19.
e4 Bg4 $3 {/\ Bg5 /\ 20.-Bb4 21.axb4 Qa1+} 20. c5 (20. Qxg4 $2 Qxd2#) 20... Nb4
$1 21. f3 (21. axb4 Qa1+) (21. Qxg4 Nc2+ {Troeger,P}) 21... g5 $1 22. axb4 (22.
Qxg4 Nc2+ 23. Kf2 Bxc5+ 24. Ke2 Rxd2#) 22... Qa1+ 23. Ke2 gxf4 24. Bxf4 Be6 25.
Be5 Qc1 26. Bc3 Bg5 0-1

[Event "World U20-ch23"]
[Site "Kiljava"]
[Date "1984.08.10"]
[Round "7"]
[White "Hansen, Curt"]
[Black "Thorsteins, Karl"]
[Result "1-0"]
[WhiteElo "2485"]
[BlackElo "2375"]
[Annotator "Bulletin"]
[PlyCount "89"]
[EventDate "1984.08.03"]
[EventType "swiss"]
[EventRounds "13"]
[EventCountry "FIN"]
[SourceTitle "EXT 2000"]
[Source "ChessBase"]
[SourceDate "1999.11.16"]
[SourceVersion "1"]
[SourceVersionDate "1999.11.16"]
[SourceQuality "1"]

1. Nf3 Nf6 2. c4 e6 3. Nc3 d5 4. d4 Be7 5. Bf4 O-O 6. e3 c5 7. dxc5 Bxc5 8. Qc2
Nc6 9. Rd1 Qa5 10. a3 Be7 11. Nd2 e5 12. Bg5 d4 13. Nb3 Qd8 14. exd4 Nxd4 (
14... exd4) 15. Nxd4 exd4 16. Nb5 (16. Be2 $2 Qa5 $1 17. Bxf6 Bxf6 18. b4 Qe5
19. Nd5 Bf5 20. Qb2 Rfe8 21. f4 Qxd5 $1 22. cxd5 d3 23. Qb3 Rxe2+ 24. Kf1 Rae8
25. Qc4 Bh4 {Schroer-Dolgitser, USA 1984}) 16... Bc5 (16... Bd7 17. Nxd4 Qa5+
18. Qd2 Qb6 19. Be3 {Ivanchuk-Vaganian, Moskau SU ch 1988, 1/2}) (16... Bg4 17.
Rxd4 Re8 18. Be3 (18. Rxd8 $4 Bb4#) (18. f3 Bb4+ 19. Kf2 Be1+) (18. Be2 Qb6 19.
Bxg4 Nxg4 20. O-O Bxg5 21. Rxg4 Bh6 $13) 18... Qb6 19. Bd3 (19. Rxg4 $2 Nxg4 $1
20. Bxb6 Bb4+ 21. Kd1 Re1#) 19... Bc5 {Piket,Je-Van der Sterren,P, Lyon 1990,
1/2}) 17. b4 Qe7+ (17... a6 18. Nxd4 Bxd4 19. Be3 $16) 18. Be2 d3 19. Qxd3
Bxf2+ 20. Kf1 (20. Kxf2 Ne4+ 21. Kg1 Nxg5) 20... Qe5 $1 21. Bxf6 Qxf6 22. Qf3
$14 Bh4 23. g3 Qxf3+ 24. Bxf3 Bf6 25. c5 (25. Kg2 a5 26. Nc7 Ra7 27. b5 b6 28.
Nd5 Bd8 $13) 25... a5 26. Nc7 Rb8 (26... Ra7 27. b5 a4 28. Nd5 $16) 27. Kg2 Be5
28. Nd5 $6 (28. Nb5 {/\ Nd6 +/-}) 28... axb4 29. axb4 Be6 30. Rhe1 f6 31. Nb6
Rfd8 32. Rxd8+ Rxd8 33. Bxb7 Rd2+ 34. Kh1 (34. Kf3 Rxh2 35. b5 Rb2 (35... Rh3
36. Rg1) 36. Bc6 Bf7 37. Nd7 Bc3 38. Rc1 Ba5 39. b6 Bh5+ 40. g4 Bg6 41. b7 Bc7
42. Bd5+ Bf7 43. Bxf7+ Kxf7 44. c6 Ke6) 34... Rb2 $2 35. Bd5 Kf7 36. Bxe6+ Kxe6
37. c6 Rc2 38. b5 h5 39. Nd7 Kd6 40. Rd1+ Kc7 41. Nxe5 fxe5 42. Rd7+ Kb6 43.
Rb7+ Ka5 44. c7 e4 45. Kg1 1-0

[Event "ROM-GER Kings"]
[Site "Medias"]
[Date "2015.11.01"]
[Round "3.1"]
[White "Wagner, Dennis"]
[Black "Lupulescu, Constantin"]
[Result "1-0"]
[WhiteElo "2575"]
[BlackElo "2626"]
[Annotator "Bulmaga,I"]
[PlyCount "77"]
[EventDate "2015.10.30"]
[EventType "schev"]
[EventRounds "5"]
[EventCountry "ROU"]
[SourceTitle "CBM 169"]
[Source "ChessBase"]
[SourceDate "2015.11.10"]
[SourceVersion "1"]
[SourceVersionDate "2015.11.10"]
[SourceQuality "1"]
[WhiteTeam "Germany"]
[BlackTeam "Romania"]
[WhiteTeamCountry "GER"]
[BlackTeamCountry "ROU"]
[TimeControl "40/5400+30:1800+30"]

1. d4 Nf6 2. c4 e6 3. Nf3 d5 4. Nc3 Nbd7 5. Bf4 dxc4 6. e3 Nd5 7. Bxc4 N7b6 8.
Nxd5 exd5 9. Bd3 Bb4+ 10. Nd2 Bd6 11. Bxd6 Qxd6 12. O-O O-O 13. Qc2 {Die erste
kritische Stellung.[#]} g6 $6 (13... h6 $5) 14. f4 $5 {Eine aggressive
Fortsetzung, mit der Weiß den letzten Zug von Schwarz ausnutzen will.} Nd7 15.
Rac1 c6 16. f5 Nf6 {[#]} 17. Rf3 (17. Nf3 $5 {Behält sich weiter die
Möglichkeit vor, den weißfeldrigen Läufer auf d3 zu opfern und bringt eine
weitere Figur zum Königsflügel.}) (17. fxg6 $6 fxg6 18. Bxg6 $2 Ng4 19. Bxh7+
Kg7 20. Nf3 Nxe3 $17) 17... Kh8 (17... g5 $1 {war die beste
Verteidigungsmöglichkeit für Schwarz!} 18. Rg3 h6 $13) (17... Kg7 $5 18. Rcf1
Bd7 19. Rg3 Nh5 20. Rh3 Nf6 21. Nf3 $13) 18. fxg6 hxg6 $2 (18... fxg6 $5 19.
Bxg6 Bg4 $13) 19. Bxg6 $1 $18 {[#]} Bg4 20. Rf4 Qe7 21. Rcf1 fxg6 22. Qxg6
Qxe3+ 23. R1f2 Nh7 24. Qxg4 Rxf4 25. Qxf4 Re8 26. h4 Qe1+ 27. Rf1 Qe2 28. Nf3
Qe4 29. Ne5 Qxf4 30. Rxf4 c5 31. Nf7+ Kg7 32. Nd6 Re2 33. dxc5 Rxb2 34. Rf7+
Kg6 35. h5+ Kh6 36. Rxb7 Rc2 37. g4 Nf6 38. Nf7+ Kg7 39. c6 1-0

[Event "Beersheba"]
[Site "Beersheba"]
[Date "1996.??.??"]
[Round "6"]
[White "Avrukh, Boris"]
[Black "Mikhalevski, Alexander"]
[Result "1-0"]
[WhiteElo "2495"]
[BlackElo "2435"]
[Annotator "Bykhovsky,Av"]
[PlyCount "53"]
[EventDate "1996.03.??"]
[EventType "tourn"]
[EventRounds "11"]
[EventCountry "ISR"]
[EventCategory "10"]
[SourceTitle "CBM 053"]
[Source "ChessBase"]
[SourceDate "1996.08.01"]
[SourceVersion "1"]
[SourceVersionDate "1996.08.01"]
[SourceQuality "1"]

1. d4 d5 2. c4 e6 3. Nc3 Be7 4. Nf3 Nf6 5. Bf4 O-O 6. e3 b6 $6 (6... c5 $5 $13)
7. Bd3 Bb7 8. cxd5 exd5 9. O-O c5 10. Ne5 Na6 $6 (10... Nc6 11. Rc1 c4 12. Bb1
a6 13. Qf3 b5 14. a3 $14 {Malaniuk,V-Arbakov,V/POL/1992/1:0/55/}) (10... a6 11.
Qf3 Ra7 12. Rad1 c4 13. Bc2 b5 14. a3 Nbd7 15. Qh3 Ba8 16. g4 $36 {Minsky,
A-Holosova,T/Caracas/1991/1:0/40/}) 11. Qa4 Qc8 12. Bg5 Nb4 (12... c4 13. Bb1
Re8 14. Qd1 g6 $2 15. Qf3 $18 {Avrukh,B-Flarath,P/Groningen/1995/1:0/32/}) 13.
Be2 Rd8 14. Rac1 a6 15. a3 Nc6 16. Qb3 $1 Qe6 17. Bxf6 (17. Qxb6 $2 Nxd4) 17...
Bxf6 18. Bg4 Qd6 (18... Qe7 19. Nxc6 Bxc6 20. Qxb6 $18) 19. Ne4 $3 Qe7 $2 (
19... dxe4 20. Qxf7+ $6 (20. Nxf7 $1 Qd5 21. Nh6+ Kh8 22. Qxb6 gxh6 23. Qxb7
$16) 20... Kh8 21. Qxb7 Nxe5 22. dxe5 Bxe5 $10) 20. Nxf6+ Qxf6 21. Nd7 $1 $18
Qg6 22. Qxb6 Bc8 (22... Qxg4 23. Nxc5 Rdb8 24. Nxb7) 23. Ne5 $1 Qd6 24. Qxc6
Bxg4 25. Qxd6 Rxd6 26. Nxg4 c4 27. e4 1-0

[Event "Moscow Petrosian Memorial"]
[Site "Moscow"]
[Date "2014.11.10"]
[Round "6"]
[White "Leko, Peter"]
[Black "Inarkiev, Ernesto"]
[Result "1/2-1/2"]
[WhiteElo "2731"]
[BlackElo "2688"]
[Annotator "CB"]
[PlyCount "124"]
[EventDate "2014.11.04"]
[EventType "tourn"]
[EventRounds "7"]
[EventCountry "RUS"]
[EventCategory "20"]
[SourceTitle "CBM 164"]
[Source "ChessBase"]
[SourceDate "2015.01.15"]
[SourceVersion "1"]
[SourceVersionDate "2015.01.15"]
[SourceQuality "1"]

1. d4 Nf6 2. c4 e6 3. Nf3 d5 4. Nc3 Be7 5. Bf4 O-O 6. e3 Nbd7 7. c5 Nh5 8. Be2
Nxf4 9. exf4 b6 10. b4 a5 {We have seen this opening too many times in this
tournament for my taste.} 11. a3 c6 12. O-O Qc7 13. g3 axb4 {Ba6 is the normal
move; if Black can afford to open the a-file so early and still retain equal
chances then White will really have to figure out something against this move
order.} 14. axb4 Rxa1 15. Qxa1 bxc5 16. bxc5 f6 17. Re1 e5 18. Ba6 Rf7 19. Ne2
exd4 20. Nexd4 Nxc5 21. Bxc8 Qxc8 22. Rc1 Bd6 23. Qa5 Nb7 24. Qxd5 cxd5 25.
Rxc8+ Rf8 26. Rc6 Rd8 {The computer prefers White, and it is even possible he
wins the d5 pawn, but winning is a completely different matter.} 27. Ne6 Rd7
28. Nfd4 Kf7 29. Rb6 Be7 30. f5 (30. Rb5 $1 {Kept some advantage, but surely
not as much as the clear advantage the computer claims.}) 30... g6 31. g4 Nd6
32. Kg2 gxf5 33. gxf5 Ra7 34. Nd8+ Ke8 35. N8c6 Rb7 36. Ra6 Kd7 37. Ra8 Nb5 38.
Rh8 Nxd4 39. Nxd4 Rb4 40. Ne6 Rh4 {Now there should be no more progress for
White.} 41. Kg3 Rh5 42. f4 Bd6 43. Rd8+ Ke7 44. h4 Rxf5 45. Rxd6 Kxd6 46. Ng7 {
As clever as this was, it is insufficient to win.} Re5 47. fxe5+ Kxe5 48. Kf3
d4 49. Nh5 d3 50. Nf4 d2 51. Nd3+ Kf5 52. Nf2 Kg6 53. Kg4 f5+ 54. Kf4 Kh5 55.
Kg3 Kh6 56. Nd1 Kh5 57. Kh3 Kh6 58. Kg2 Kh5 59. Kg3 Kh6 60. Ne3 Kg6 61. Kh3 Kh5
62. Nd1 Kg6 1/2-1/2

[Event "Moscow Petrosian Memorial"]
[Site "Moscow"]
[Date "2014.11.06"]
[Round "3"]
[White "Leko, Peter"]
[Black "Kramnik, Vladimir"]
[Result "1/2-1/2"]
[WhiteElo "2731"]
[BlackElo "2760"]
[Annotator "CB"]
[PlyCount "72"]
[EventDate "2014.11.04"]
[EventType "tourn"]
[EventRounds "7"]
[EventCountry "RUS"]
[EventCategory "20"]
[SourceTitle "CBM 164"]
[Source "ChessBase"]
[SourceDate "2015.01.15"]
[SourceVersion "1"]
[SourceVersionDate "2015.01.15"]
[SourceQuality "1"]

1. d4 Nf6 2. c4 e6 3. Nf3 d5 4. Nc3 Be7 5. Bf4 O-O 6. e3 Nbd7 7. c5 Nh5 8. Bd3
Nxf4 9. exf4 b6 10. b4 a5 11. a3 c6 12. O-O Qc7 13. g3 Ba6 14. Bxa6 Rxa6 15.
Qe2 Rfa8 16. b5 cxb5 17. c6 (17. Nxd5 exd5 18. Qxe7 Rc8 {led to a Kramnik
victory in a very important game between Ivanchuk-Kramnik, Tromso World Cup
2013.}) 17... Qxc6 18. Nxb5 Rc8 19. Rac1 {A new idea that was certainly
prepared at home. White is trying to prove that the lack of coordination of
the two rooks can lead to problems for Black.} (19. Nd6 Raa8 20. Nb5 {was a
draw in Miton-Doettling, 2008}) 19... Qxc1 20. Rxc1 Rxc1+ 21. Kg2 Ra8 22. f5 {
Of course White has to use the little itme he has before Black consolidates
his position to create serious threats.} Rc6 23. fxe6 fxe6 24. Ne1 a4 25. Nd3
Ra5 26. Nf4 Nf8 27. h4 $1 {A strange gridlock. White cannot put further
pressure in the position as his pieces are basically maximized. Black, on the
other hand, cannot improve either.} (27. Nxd5 Bxa3 {looks dangerous for White,
though maybe he has some resources involving Nf4 and d5.}) 27... Bf6 28. Kh3 g6
29. Kg2 Bg7 30. g4 h6 31. g5 h5 32. f3 Kh7 33. Kg3 Kg8 34. Kg2 Kh7 35. Kg3 Kh8
36. Kh3 Kg8 1/2-1/2

[Event "RUS-ch (Women) 64th"]
[Site "Kazan"]
[Date "2014.12.01"]
[Round "4"]
[White "Kosteniuk, Alexandra"]
[Black "Pogonina, Natalija"]
[Result "1-0"]
[WhiteElo "2541"]
[BlackElo "2480"]
[Annotator "CB"]
[PlyCount "63"]
[EventDate "2014.11.28"]
[EventType "tourn"]
[EventRounds "9"]
[EventCountry "RUS"]
[EventCategory "9"]
[SourceTitle "CBM 163 Extra"]
[Source "ChessBase"]
[SourceDate "2014.12.23"]
[SourceVersion "1"]
[SourceVersionDate "2014.12.23"]
[SourceQuality "1"]

1. d4 Nf6 2. c4 e6 3. Nf3 d5 4. Nc3 Be7 5. Bf4 O-O 6. e3 Nbd7 7. c5 Nh5 8. b4
Nxf4 9. exf4 c6 10. Bd3 Qc7 11. g3 b6 12. O-O a5 13. a3 Ba6 14. Bxa6 Rxa6 15.
Qe2 Ra7 16. f5 e5 17. dxe5 bxc5 18. bxc5 Re8 19. e6 Nxc5 20. exf7+ Kxf7 21.
Rac1 Raa8 $2 ({Der schwarze König musste schleunigst aus der Gefahrenzone
verschwinden:} 21... Kg8 $1) 22. Qd1 $3 {Ein bärenstarker Rückzug. Es droht
das Opfer auf d5, gleichzeitig wird der folgende Springereinsatz vorbereitet.}
Qd6 (22... Kg8 {kommt nun zu spät:} 23. Nxd5 cxd5 24. Qxd5+ Kh8 25. Ne5 $18)
23. Na4 $1 {Verstärkt entscheidend den Druck. Schwarz hat nichts mehr
entgegenzusetzen - das Leitmotiv für Weiß ist immer der nach e5 kommende
Springer f3.} Nxa4 ({Nach} 23... Nd7 {wird der Punkt e5 ebenfalls im Sturm
erobert:} 24. Nb6 $3 Nxb6 25. Rxc6 Qd8 (25... Qxc6 26. Ne5+) (25... Qxa3 26.
Rxb6 $18) 26. Rxb6 {, und nach} Qxb6 27. Ne5+ $1 {folgt die Gabel auf d7 bzw.}
Kg8 28. Qxd5+ {nebst Matt.}) 24. Rxc6 Qd8 (24... Qxc6 25. Ne5+) 25. Qxa4 $18
Bf6 26. Rd1 Re7 27. Rc5 Qd7 28. Qb3 Qxf5 29. Rdxd5 Qe6 30. Rc6 Rb8 31. Ng5+
Bxg5 32. Qf3+ 1-0

[Event "USA-ch"]
[Site "Saint Louis"]
[Date "2014.05.13"]
[Round "6"]
[White "Lenderman, Aleksandr"]
[Black "Shankland, Samuel L"]
[Result "0-1"]
[WhiteElo "2582"]
[BlackElo "2634"]
[Annotator "CB"]
[PlyCount "98"]
[EventDate "2014.05.08"]
[EventType "tourn"]
[EventRounds "11"]
[EventCountry "USA"]
[EventCategory "15"]
[SourceTitle "CBM 161"]
[Source "ChessBase"]
[SourceDate "2014.07.16"]
[SourceVersion "1"]
[SourceVersionDate "2014.07.16"]
[SourceQuality "1"]

1. d4 d5 2. c4 e6 {Lenderman was rocked back into his seat by this move, which
completely destroyed his preparation. “Normally Sam plays the Grunfeld,
maybe the Slav - he has never started with this particular move order,”
Lenderman said. “I still had ambitions to maybe outplay my opponent later on,
in an equal position, but he just kept finding all these good moves, creating
problems for me out of nowhere.”} 3. Nf3 Nf6 4. Nc3 Be7 5. Bf4 O-O 6. e3 Nbd7
7. Qc2 c5 8. Rd1 {Levon Aronian has played both sides of this position.} cxd4
9. Rxd4 Qa5 10. Rd1 $146 {The novelty, played after considerable thought.} (10.
Bg3 {was played in 29 previous games, with a 62% result for White.}) 10... Nb6
11. Nd2 Bb4 12. a3 (12. Be5 {is the move suggested by experts and all our
engines.}) 12... Bxc3 13. Qxc3 Qxc3 14. bxc3 Bd7 15. Be5 Ba4 16. Rb1 Nfd7 17.
Bd6 Rfc8 18. cxd5 exd5 19. Nf3 Rc6 20. Be7 Rxc3 21. Bb4 Rc7 22. Be2 Nc4 23. Nd4
Nf6 24. Rc1 Rac8 25. Nf5 Nd6 $1 {A brave move that needs to be carefully
calculated.} 26. Rxc7 Rxc7 27. Ne7+ Kf8 28. Ng6+ Ke8 29. O-O {Black has
navigated the complications successfully and retained his pawn advantage.} Nde4
30. Ne5 b6 31. Ra1 a5 32. Be1 Nc3 33. Bd3 Nfe4 34. Nf3 Bb5 35. Bxb5+ Nxb5 {
Without his bishop pair White is simply a pawn down.} 36. a4 Nbc3 37. Nd4 Rc4
38. f3 Nc5 39. Bxc3 Rxc3 40. Nb5 Rxe3 41. Nc7+ Kd7 42. Nxd5 Rb3 43. Rd1 Kc6 44.
Ne7+ Kc7 45. Rd4 Ra3 46. Nd5+ Kc6 47. Ne7+ Kb7 48. Rd8 Rxa4 49. Rf8 Rd4 0-1

[Event "Sharjah FIDE GP (Women)"]
[Site "Sharjah"]
[Date "2014.08.27"]
[Round "3"]
[White "L'Ami, Alina"]
[Black "Kosintseva, Tatiana"]
[Result "0-1"]
[WhiteElo "2446"]
[BlackElo "2494"]
[Annotator "CB"]
[PlyCount "70"]
[EventDate "2014.08.25"]
[EventType "tourn"]
[EventRounds "11"]
[EventCountry "UAE"]
[EventCategory "10"]
[SourceTitle "CBM 162"]
[Source "ChessBase"]
[SourceDate "2014.09.17"]
[SourceVersion "1"]
[SourceVersionDate "2014.09.17"]
[SourceQuality "1"]

{A very powerful game by Tatiana Kosintseva! In a complex position she decided
to sacrifice a pawn for pressure on the kingside, which eventually led her to
sacrifice a piece in that flank. l'Ami was forced to accept this greek gift,
but she still had some defensive resources - unfortunately she missed them
with the pressure piling and time trouble looming. One mistake was all it took
and Kosintseva crashed through.} 1. d4 Nf6 2. c4 e6 3. Nc3 Bb4 4. e3 O-O 5. Bd3
c5 6. Nf3 d5 7. O-O Nc6 8. cxd5 exd5 9. dxc5 Bxc5 10. h3 Qe7 11. b3 Rd8 12. Bb2
Ne4 13. Ne2 Bd6 14. Rc1 a6 15. Bb1 Be6 16. Ned4 Bd7 17. Qe2 f5 18. Rfe1 Rf8 19.
Bd3 Rae8 20. Nxc6 bxc6 21. Bxa6 f4 22. exf4 Bxf4 23. Rcd1 Qf7 24. Qf1 Qh5 25.
Be2 Bxh3 $5 {The bishop must be taken.} 26. gxh3 Re6 27. Ne5 Qg5+ 28. Qg2 $2 (
28. Bg4 {was the only way.} Rxe5 (28... Bxe5 29. Rxe4 $1 {This was the key
defensive move.} dxe4 30. Qc4 Bxb2 31. Qxe6+ Kh8 32. Qd6 $1 $14) 29. Qg2 {
and the position is still not clear.}) 28... Qxg2+ 29. Kxg2 Bxe5 30. Bxe5 Rxf2+
31. Kg1 Rxe5 {White's position is just hopeless now.} 32. a4 Rf8 (32... Rg5+ $1
) 33. Rc1 Rg5+ 34. Kh1 Ng3+ 35. Kh2 Rf2+ 0-1